| 000 | 00446nam a2200169Ia 4500 | ||
|---|---|---|---|
| 008 | 230718s9999 xx 000 0 und d | ||
| 041 | _aeng | ||
| 082 |
_a621.1 _bPHA |
||
| 100 | _aPhadkule V.N. | ||
| 245 | _aBasic Mechanical Engineering | ||
| 250 | _a2nd ed. | ||
| 260 | _bTechnical Pub | ||
| 300 | _a607 | ||
| 365 |
_cRs. _b285.00 |
||
| 700 | _aPhadkule V.N.; Kale K.B.; Karad A.A. & Wale R.S. | ||
| 906 |
_dB:256720-Nov-2007 _cMECH _b42.75 |
||
| 999 |
_c317781 _d317781 |
||